| 000 | 02417nam0a2200385 4500 | ||
|---|---|---|---|
| 001 | RU\NLR\bibl\1658567 | ||
| 005 | 20250616040236.0 | ||
| 010 |
_a978-5-7417-0343-4 _9300 |
||
| 021 |
_aRU _b2010-47402 _93146 |
||
| 021 |
_aRU _b2010-50277 _93320 |
||
| 035 | _a(nilc)RSL-KNO-004697681 | ||
| 035 | _a(NLR Aleph) 001649864 | ||
| 090 |
_a914894 _c914894 |
||
| 100 | _a20100628d2010 |||y0rusy50 ca | ||
| 101 | 0 | _arus | |
| 102 | _aRU | ||
| 105 | _aa zzzz||||| | ||
| 200 | 1 |
_aВведение в теорию автоколебательных систем второго и третьего порядков _eс примерами из радиотехники и вычислениями в MATLAB _eучебное пособие для студентов вузов по направлению "Прикладные математика и физика" _fВ. В. Рождественский _gМ-во образования и науки Российской Федерации, Московский физико-технический ин-т (гос. ун-т) |
|
| 210 |
_aМосква _cМФТИ _d2010 |
||
| 215 |
_a149 с. _cил. _d21 |
||
| 320 | _aБиблиогр.: с. 148-149 (14 назв.) | ||
| 606 | 1 |
_aMATLAB, пакет прикладных программ _jУчебные издания для высших учебных заведений _xПрименение в радиотехнике _92409681 _3RU\NLR\auth\661435831 |
|
| 606 | 1 |
_aПолупроводниковые автогенераторы _jУчебные издания для высших учебных заведений _xРасчет _92121659 _3RU\NLR\auth\661584785 |
|
| 610 | 0 | _aРадиотехника -- Радиопередающие устройства -- Генераторы электромагнитных колебаний -- Автогенераторы -- Теория. Исследование -- Математические методы -- Учебник для высшей школы | |
| 610 | 0 | _aавтогенераторы | |
| 686 |
_aЗ848-041.3-01я73-1 _2rubbk |
||
| 686 | _aЗ848-041.32-01я73-1 | ||
| 700 | 1 |
_aРождественский _bВ. В. _gВасилий Владимирович _4070 |
|
| 801 | 0 |
_aRU _bРГБ _c20100628 _grcr |
|
| 801 | 1 |
_aRU _bРГБ _c20100628 |
|
| 801 | 2 |
_aRU _bNLR _c20100728 _grcr |
|
| 830 | _aавт. по кн. | ||
| 942 | _cBOOK | ||
| 980 | _aNB | ||